01258nam a2200289 a 4500001001000000003000900010005001700019008004100036020001500077040002500092082003000117100003300147245016600180250001200346260007500358300002100433500002100454500011000475504003200585650005500617650004700672650004400719651005300763651006300816700004100879700004800920000002670DO-SdBNP20260521073716.0090703s2006 dr 001 0 spa d a9945130188 aDO-SdBNPbspacBNPHU 4a972.9368bH557m, 20062221 aHernández, Ricardo,d1964-14aLos movimientos sociales en el municipio de Cotuí :b(1975-1993) /cRicardo Hernández ; presentación Mu-Kien Adriana Sang Beng ; Pedro Hernández Paulino. a2a. ed. aSanto Domingo :bComisión Permanente de Efemérides Patrias,c2006. a179 p. ;c28 cm. aIncluye índice aSegundo lugar en el concurso nacional sobre historia y desarrollo de las provincias (Cibao Oriental) 2000 aBibliografía : p. 159-174 0aMovimientos socialeszRepública Dominicana2LEMB 4aCiudades y puebloszRepública Dominicana 4aHistoria socialzRepública Dominicana 0aCotuí (República Dominicana)xHistoria local 4aCotuí (República Dominicana)xVida social y costumbres1 aHernández Paulino, Pedro,epról.1 aSang, Mu-Kien A. d1955-q(Mu-Kien Adriana)